Η Αλίκη στη χώρα των πραγμάτων : το παιδί ως διαφημιστικό αντικείμενο

Αποθηκεύτηκε σε:
Λεπτομέρειες βιβλιογραφικής εγγραφής
Κύριος συγγραφέας: Ναυρίδης, Κλήμης
Άλλοι συγγραφείς: Σόλμαν, Μαρία, Τσαούλα, Νάντια
Μορφή: Βιβλίο
Γλώσσα:Greek
Δημοσίευση: Αθήνα : Υποδομή, 1986
Θέματα:
Ετικέτες: Προσθήκη ετικέτας
Δεν υπάρχουν, Καταχωρήστε ετικέτα πρώτοι!

MARC

LEADER 00000nam a2200000 i 4500
001 1/87357
008 960516s1986 gre d
035 |a 1987  |c Αγορά  |l 10035219 
040 |a GR-MY-UA  |b gre  |e aacr 
041 0 |a gre 
082 0 |a 305.23 
100 1 |a Ναυρίδης, Κλήμης. 
245 1 2 |a Η Αλίκη στη χώρα των πραγμάτων :  |b το παιδί ως διαφημιστικό αντικείμενο /  |c Κλήμης Ναυρίδης, Μαρία Σολμάν, Νάντια Τσαουλά 
260 |a Αθήνα :   |b Υποδομή,   |c 1986 
300 |a 192 σ. 
650 0 0 |a Television advertising and children. 
650 0 0 |a Television  |x Psychological aspects. 
650 0 0 |a Television and children. 
700 1 |a Σόλμαν, Μαρία. 
700 1 |a Τσαούλα, Νάντια. 
852 |a INST  |b CHIOS  |e 19960516  |h 305.23 ΝΑΥ  |p 005200008308  |q 005200008308  |t BK  |y 0 
852 |a INST  |b RHODES  |e 19960704  |h 305.23 ΝΑΥ  |p 005400004443  |q 005400004443  |t BK  |y 0 
909 |a Ρ  |b 007582  |c 1987 
909 |a Χ  |b 009613